Dịch tễ học : Dùng cho đào tạo cử nhân điều dưỡng
Giới thiệu về dịch tễ học cơ sở, dịch tễ học các bệnh lây nhiễm, các bệnh không lây nhiễm và cung cấp các số liệu về tình hình bệnh..
Đã lưu trong:
| Hovedforfatter: | |
|---|---|
| Format: | Bog |
| Sprog: | Undetermined |
| Udgivet: |
Hà Nội
Giáo dục Việt Nam
2010
|
| Fag: | |
| Tags: |
Tilføj Tag
Ingen Tags, Vær først til at tagge denne postø!
|
| Thư viện lưu trữ: | Trung tâm Học liệu Trường Đại học Cần Thơ |
|---|
| LEADER | 00865nam a2200217Ia 4500 | ||
|---|---|---|---|
| 001 | CTU_160848 | ||
| 008 | 210402s9999 xx 000 0 und d | ||
| 020 | |c 56000 | ||
| 082 | |a 614.4 | ||
| 082 | |b S464 | ||
| 100 | |a Nguyễn, Minh Sơn | ||
| 245 | 0 | |a Dịch tễ học : | |
| 245 | 0 | |b Dùng cho đào tạo cử nhân điều dưỡng | |
| 245 | 0 | |c Nguyễn Minh Sơn (chủ biên) | |
| 260 | |a Hà Nội | ||
| 260 | |b Giáo dục Việt Nam | ||
| 260 | |c 2010 | ||
| 520 | |a Giới thiệu về dịch tễ học cơ sở, dịch tễ học các bệnh lây nhiễm, các bệnh không lây nhiễm và cung cấp các số liệu về tình hình bệnh.. | ||
| 650 | |a Epidemiology,Dịch tễ học | ||
| 904 | |i Trân, Hải | ||
| 980 | |a Trung tâm Học liệu Trường Đại học Cần Thơ | ||